Analýza výhodnosti resp. nevýhodnosti zavedenia systému duálneho vzdelávania v priemyselnom podniku z pohľadu jeho nákladovosti

Gespeichert in:
Bibliographische Detailangaben
1. Verfasser: Hajnovič, Dávid (Verfasst von)
Weitere Verfasser: Holeček, Jaroslav (Betreuung Doktorarbeit)
Format: Manuskript Buch
Sprache:Slowakisch
Veröffentlicht: 2020
Schlagworte:
Online-Zugang:http://is.stuba.sk/zp/portal_zp.pl?podrobnosti=158393
Tags: Tag hinzufügen
Keine Tags, Fügen Sie das erste Tag hinzu!

MARC

LEADER 00000ntm a22000003a 4500
001 stuzp77728
003 SK-STU
005 20200704211514.8
007 ta
008 150427s2015----xo-----f-mn---000-0-slo-d
040 |a STU  |b slo 
041 0 |a slo 
100 1 |a Hajnovič, Dávid  |u 064000  |4 aut  |U MTF Materiálovotechnologická fakulta  |T MTF Ústav priemyselného inžinierstva a manažmentu  |X 87981  |U M4000  |Y 84  |7 87981 
242 0 1 |a Profitability analysis resp. the disadvantages of introducing the dual education system in an industrial enterprise in terms of its cost  |y eng 
245 1 0 |a Analýza výhodnosti resp. nevýhodnosti zavedenia systému duálneho vzdelávania v priemyselnom podniku z pohľadu jeho nákladovosti 
260 |c 2020 
650 4 |a duálne vzdelávanie  |2 slo 
650 4 |a žiak  |2 slo 
650 4 |a zamestnávateľ  |2 slo 
650 4 |a stredná odborná škola  |2 slo 
650 4 |a dual education  |2 eng 
650 4 |a student  |2 eng 
650 4 |a employer  |2 eng 
650 4 |a secondary vocational school  |2 eng 
700 1 |a Holeček, Jaroslav  |u 064000  |k Z1  |4 ths  |U MTF Materiálovotechnologická fakulta  |T MTF Ústav priemyselného inžinierstva a manažmentu  |X 53298  |U M4000  |Y 84  |7 A000053298 
856 4 |u http://is.stuba.sk/zp/portal_zp.pl?podrobnosti=158393 
996 |c M* DP-14217  |l MMSKP  |s P  |a 0  |w stuzp77728_0001